00676nam a2200241 a 4500001001300000003000900013005001700022008004100039020001100080082001500091100002000106245003900126260003000165300000900195500003500204505001000239650002000249700002000269902000800289942000700297952011700304999001300421nice12345678IN_TiNIC20260116011327.0050524s1962 leia grp 000 0 eng  ac165600a297.2bMCK aMckane, William aAl-Ghazali`s Book of Fear and Hope aLeidenbE. J. Brillc1962 a104p aincludes index and biblioraphy2 aindex aIslam-Doctrines1 aMckane, William bSRS cBK 001040708StackRoom-aHMIbHMId2007-07-06g1656.00l0o297.2 MCKp03330r2007-07-06v1656.00w2005-05-24yBK c550d550